Negocios internacionales

Bibliographic Details
Main Author: Lombana Coy, Jahir
Format: eBook
Language:Spanish
Published: Bogot:̀ ECOE, 2013
Subjects:
Online Access:Acceso restringido

MARC

LEADER 00000nam a22000007a 4500
005 20190905220447.0
007 cr|||| ||||
008 190905s2013 co |||||s|||| 00||0 spa d
020 |a 978-958-741-356-4 
035 |a 24795 
040 |a vLex 
090 |c 9417  |d 9417 
100 1 |a Lombana Coy, Jahir 
245 1 0 |a Negocios internacionales  |h [Recurso electrn̤ico] /  |c Jahir Lombana Coy 
256 |a Servicio en ln̕ea 
260 |a Bogot:̀  |b ECOE,  |c 2013 
300 |a 1 recurso electrn̤ico 
506 1 |a Disponible solo en los productos indicados  |d vLex Global  |d vLex Global (Academic Edition, excluding Law Schools)  |d vLex Global (U.S. Academic Edition, Law Schools)  |d vLex Global (U.S. Academic Edition, excluding Law Schools)  |d vLex Global (Academic Edition, Law Schools) 
650 0 4 |a Comercio  |z Colombia 
740 0 |a vLex Libros (Servicio en ln̕ea) 
856 4 0 |u http://vlex.com/source/negocios-internacionales-24795  |z Acceso restringido 
942 |c BOOK 
999 0 |a Commerce